000 00497nam a2200181Ia 4500
008 090124s9999 xx 000 0 und d
082 _b16546
100 _aबोराडे रा.रं.
245 _a विहीर
250 _a0
260 _bपरिमल प्रकाशन
_c1982
300 _a32
600 _aबोराडे रा.रं.
630 _a विहीर
700 _aबोराडे रा.रं.
730 _a विहीर
942 _cBOOK
999 _c88778
_d88778